000
00320nam a2200109Ia 4500
008
170221s9999 xx 000 0 und d
100
_a
Ron Perrin
245
_a
Editorial Volume 7 Issue 2
245
_c
Ron Perrin, Ciorstan Smark, and Greg Laing
650
_x
Business
856
_u
http://ro.uow.edu.au/aabfj/vol7/iss2/1/
999
_c
307577
_d
307577